Dragon Ball - Membres de l'Armée de Freezer - Statistiques

Statistiques générales
  • Ce quiz a été pris 38 fois
  • Le résultat moyen est 21 sur 55
Statistiques - réponses
Description Animé Personnages % Correct
Frère de Sangoku DBZ, DBS Raditz
86%
Père de Sangoku DBZ, DBS Bardock
83%
Chef du commando DBZ, DBGT Ginyu
83%
Sosie de Sangoku DBZ Thalès
83%
Super Saiyan Légendaire DBZ, DBS Broly
79%
Subordonné vert du chef du commando DBZ, DBGT Guldo
79%
Père du rival de Sangoku DBZ, DBGT, DBS Roi Végéta
79%
Rival de Sangoku DBZ, DBGT, DBS Végéta
79%
Subordonné rose du 3e leader DBZ, DBGT Dodoria
76%
Partenaire du rival de Sangoku DBZ, DBGT, DBS Nappa
76%
Subordonné vert du 3e leader DBZ, DBGT Zarbon
76%
Frère du 3e leader DBZ, DBGT Cooler
72%
3e leader DBZ, DBGT, DBS Freezer
72%
Subordonné rouge du chef du commando DBZ, DBGT Jeese
72%
Père du Super Saiyan Légendaire DBZ, DBS Paragus
66%
Subordonné roux du chef du commando DBZ, DBGT Reecoom
62%
2e leader DBZ, DBGT Roi Cold
62%
Frère du rival de Sangoku DBZ Tarble
62%
Mère de Sangoku DBS, DBS Gine
59%
Premier rival du Prince des Saiyans DBZ, DBGT Kiwi
59%
Subordonné bleu du chef du commando DBZ Barta
55%
1er leader DBZ Chilled
55%
Soldat qui s'occupe de surveiller le rival de Sangoku en guérison DBZ, DBGT Apple
48%
Subordonné bleu du frère du 3e leader DBZ Sauzer
48%
Partenaire et meilleur ami du père de Sangoku DBZ Toma
48%
Partenaire du père de Sangoku et seule femme de sa troupe DBZ Sélipa
45%
Jumeau bleu qui pourchasse le frère du rival de Sangoku DBZ Abo
21%
Jumeau rouge qui pourchasse le frère du rival de Sangoku DBZ Cado
21%
Partenaire moustachu du père de Sangoku DBZ Pumbukin
21%
Partenaire du père de Sangoku qui "ne parle pas" DBZ Toteppo
21%
Subordonné vert du frère du 3e leader DBZ Dore
17%
Subordonné lézard du frère du 3e leader DBZ Neizu
17%
4e leader DBS Sorbet
17%
Heater le plus puissant DBS Gas
14%
Subordonné rouge avec des cornes du 4e leader DBS Shisami
14%
Subordonné violet du 4e leader DBS Tagoma
14%
Subordonné vert du 1er leader DBZ Cabira
10%
Amie du Super Saiyan Légendaire DBS Cheelai
10%
Chef des Heater DBS Elec
10%
Sœur des trois autres Heater DBS Maki
10%
Frère cadet des Heater DBS Oil
10%
Subordonné bleu du 1er leader DBZ Tobi
10%
Soldat crocrodile DBZ Blueberry
7%
Saiyan fantôme DBZ Brocco
7%
Après s'être fait arrêté, il devient le subalterne de Moro DBZ, DBS Cranberry
7%
Subordonné singe du 4e leader DBS Guarana
7%
Partenaire du soldat crocodile DBZ Raspberry
7%
Générale bleue DBS Berryblue
3%
Soldat bourré DBS Daigen
3%
Scientifique jaune DBS Kikono
3%
Ami du Super Saiyan Légendaire DBS Lemo
3%
Collègue du scientifique barbu DBZ Malaka
3%
Membre jaune DBZ Orlen
3%
Scientifique barbu qui soigne le père de Sangoku DBZ Planthorr
3%
Saiyan fantôme avec une cicatrice DBZ Pumpkin
3%
Aucun quiz correspondant
Distribution des résultats
% des personnes avec chaque résultat
Percentile par nombre de réponses
Votre historique - résultats
Vous n’avez pas pris ce quiz